ELL Teaching Guide : (Record no. 8895)
[ view plain ]
| 000 -LEADER | |
|---|---|
| fixed length control field | 00711nam a22001697a 4500 |
| 020 ## - ISBN | |
| International Standard Book Number | 032814603X |
| 020 ## - ISBN | |
| International Standard Book Number | 9780328146031 |
| 050 ## - LIBRARY OF CONGRESS CALL NUMBER | |
| Classification Number | PE1119 A1 |
| Item Number | .F34 2007 |
| 100 ## - MAIN ENTRY--Author | |
| Personal name | Foresman, Scott |
| 245 ## - TITLE | |
| Title | ELL Teaching Guide : |
| Remainder of title | Grade 5 Reading Street / |
| Statement of responsibility, etc | Scott Foresman |
| 250 ## - EDITIONSTATEMENT | |
| Edition statement | Grade 5 |
| 260 ## - PUBLICATION, DISTRIBUTION, ETC.(IMPRINT) | |
| Place of publication, distribution, etc | [USA] : |
| Name of publisher, distributor, etc | Pearson Education, Inc., |
| Date of publication, distribution, etc | c2007. |
| 300 ## - PHYSICAL DESCRIPTION | |
| Field link and sequence number | iv, 284 p. : |
| 500 ## - GENERALNOTE | |
| General note | Includes multilingual summaries. |
| 650 ## - SUBJECT--TOPIC | |
| General subdivision | Reading (Elementary) ; |
| -- | Readers (Elementary) ; |
| -- | Reading (Primary) ; |
| -- | Language arts (Elementary) ; |
| -- | Reading comprehension -- Study and teaching (Elementary) ; |
| -- | Reading comprehension -- Study and teaching (Primary) ; |
| -- | Language arts (Primary) ; |
| -- | Reading. |
| 942 ## - ADDED ENTRY ELEMENTS(KOHA) | |
| Source of classification or shelving scheme | Library of Congress Classification |
| Koha item type | General circulation |
| Source of classification or shelving scheme | Not for loan | Location (home branch) | Sublocation (holding branch) | Shelving location | Date accessioned | Cost, normal purchase price | Full call number | Barcode | Cost, replacement price | Nonpublic note | Koha item type | Public note |
|---|---|---|---|---|---|---|---|---|---|---|---|---|
| Library of Congress Classification | Main Campus Library | Main Campus Library | 14/09/2015 | 1285.00 | PE1119 A1 .F34 2007 | 2015/007809 | 1413.00 | Nzk | General circulation | Nzk |